Ekologické certifikácie sú v prvom rade o zodpovednosti k budúcim generáciám

Vplyv zhoršujúceho sa stavu klímy na vývoj logistických nehnuteľností. Snaha chrániť životné prostredie aj v kontexte s hrozbou globálneho otepľovania vedie mnohé firmy, aby hľadali takých partnerov, s ktorými môžu zdieľať svoje hodnoty v oblasti environmentálnej a sociálnej zodpovednosti. Certifiká...

Descrizione completa

Salvato in:
Dettagli Bibliografici
Autore principale: Szmrecsányi, Tomáš
Natura: Capitolo di libro
Lingua:slovacco
Soggetti:
Tags: Aggiungi Tag
Nessun Tag, puoi essere il primo ad aggiungerne!!

MARC

LEADER 00000naa a2200000 4500
001 0277852
005 20210816145235.7
041 0 |a slo 
044 |a CZ 
245 1 0 |a Ekologické certifikácie sú v prvom rade o zodpovednosti k budúcim generáciám  |c Tomáš Szmrecsányi 
520 |a Vplyv zhoršujúceho sa stavu klímy na vývoj logistických nehnuteľností. Snaha chrániť životné prostredie aj v kontexte s hrozbou globálneho otepľovania vedie mnohé firmy, aby hľadali takých partnerov, s ktorými môžu zdieľať svoje hodnoty v oblasti environmentálnej a sociálnej zodpovednosti. Certifikácia budov, prevádzková uhlíková neutralita, udržateľná výstavba budov a smart technológie, aj v praxi logistických spoločností. 
610 2 0 |a logistika 
610 2 0 |a logistika zelená 
610 2 0 |a podnik logistický 
610 2 0 |a manažment logistický 
610 2 0 |a budovy 
610 2 0 |a certifikácia 
610 2 0 |a zodpovednosť podniku spoločenská 
610 2 0 |a zmeny klimatické 
610 2 0 |a ochrana prostredia životného 
100 1 |a Szmrecsányi, Tomáš